[Event "Far East Bank op"]
[Site "Manila"]
[Date "1990.06.02"]
[Round "6"]
[White "Sevillano, Enrico"]
[Black "Neri, Walter"]
[Result "1-0"]
[WhiteElo "2355"]
[BlackElo "2185"]
[PlyCount "49"]
[EventDate "1990.05.28"]
[EventType "swiss"]
[EventRounds "11"]
[EventCountry "PHI"]
[SourceTitle "EXT 2015"]
[Source "ChessBase"]
[SourceDate "2014.11.20"]
[SourceVersion "1"]
[SourceVersionDate "2014.11.20"]
[SourceQuality "1"]

1. e4 c5 2. c3 d6 3. d4 Nd7 4. Nf3 e6 5. Bd3 b6 6. 0-0 Bb7 7. Nbd2 Qc7 8. Re1 Ngf6 9. e5 dxe5 10. dxe5 Nd5 11. Nc4 h6 12. a4 a6 13. Qe2 Be7 14. Bd2 g5 15. h3 Rg8 16. Nh2 Nf8 17. Be4 Ng6 18. Ng4 Rh8 19. Nd6+ Bxd6 20. exd6 Qxd6 21. Bxg6 fxg6 22. c4 Nc7 23. Bc3 0-0-0 24. Bxh8 Rxh8 25. Ne5 1-0

[Event "Far East Bank op"]
[Site "Manila"]
[Date "1990.05.29"]
[Round "2"]
[White "Jael, Rodel"]
[Black "Neri, Walter"]
[Result "0-1"]
[WhiteElo "1978"]
[BlackElo "2185"]
[PlyCount "109"]
[EventDate "1990.05.28"]
[EventType "swiss"]
[EventRounds "11"]
[EventCountry "PHI"]
[SourceTitle "EXT 2015"]
[Source "ChessBase"]
[SourceDate "2014.11.20"]
[SourceVersion "1"]
[SourceVersionDate "2014.11.20"]
[SourceQuality "1"]

1. e4 c5 2. Nf3 e6 3. d4 cxd4 4. Nxd4 a6 5. Bd3 Nc6 6. Nb3 Nf6 7. 0-0 d5 8. Nc3 Be7 9. Re1 dxe4 10. Nxe4 0-0 11. Be3 Nd5 12. Bc5 Bxc5 13. Nexc5 b6 14. Ne4 Ne5 15. Bf1 Bb7 16. Qh5 Qc7 17. Ng5 Nf6 18. Nxe6 Nf3+ 19. Qxf3 fxe6 20. Qe2 Rae8 21. c3 Qf7 22. Rad1 Qg6 23. Rd4 Nd5 24. Qg4 Qf6 25. f3 e5 26. Rd2 b5 27. c4 Nf4 28. c5 h5 29. Qd7 Re7 30. Qd6 Qg5 31. h4 Qxh4 32. Rxe5 Nh3+ 33. Kh1 Ng5+ 34. Kg1 Nxf3+ 35. gxf3 Qg3+ 36. Bg2 Rxe5 37. Re2 Rg5 38. Qe6+ Kh7 39. c6 Bc8 40. Qe4+ Bf5 41. Qe5 Bh3 42. Qxg3 Rxg3 43. Kh2 Rxg2+ 44. Rxg2 Bxg2 45. Kxg2 Rd8 46. Kg3 g5 47. a3 Kg6 48. Na5 Rc8 49. b3 Kf5 50. a4 Ke5 51. axb5 axb5 52. b4 Kd5 53. f4 gxf4+ 54. Kxf4 Kd6 55. Kg5 0-1